000
00317nam a22001337a 4500
008
171107b xxu||||| |||| 00| 0 eng d
020
_a
9780471263999
041
_a
eng
080
_a
330.722.6
100
_a
62
101
_a
KON
245
_a
FINANCIAL ACCOUTING RESEARCH SYSTEMS
_c
WALLACE.W.A
942
_2
udc
_c
BK
999
_c
38051
_d
38051